| 000 | 00475nam a2200169Ia 4500 | ||
|---|---|---|---|
| 008 | 131103s9999 xx 000 0 und d | ||
| 040 | _aLoreto College | ||
| 041 | _aEnglish | ||
| 082 |
_a891.433/YAS _bLCLIB/35710 |
||
| 100 | _aNishra,P.C. | ||
| 245 |
_aYashpal ka kathashitya _cP.C.Nishra |
||
| 260 |
_aDelhi _bThe Macmillan Comany of India Limited _c1978 |
||
| 300 |
_a219 p. _c 22 cm. |
||
| 650 | _aHindi Fiction - Yaspal - Criticism | ||
| 850 | _aLCLIB | ||
| 942 | _cBK | ||
| 999 |
_c19120 _d69599 |
||